| 000 | 01492nam0a2200361 i 4500 | ||
|---|---|---|---|
| 001 | RU\NLR\BIBL_A\010523434 | ||
| 005 | 20240921122256.0 | ||
| 010 |
_a9785995506676 _94000 |
||
| 021 |
_aRU _b2014-64971 _93961 |
||
| 035 | _a(NLR Aleph) 010523434 | ||
| 090 |
_a10223504 _c10223504 |
||
| 100 | _a20141105d2014 e y0rusy50 ca | ||
| 101 | 0 | _arus | |
| 102 | _aRU | ||
| 105 | _aa|||j|||000yy | ||
| 200 | 1 |
_aРусский язык _eпошаговая подготовка _e[для старшего школьного возраста] _fЕ.М. Ткаченко, Е.О. Воскресенская, А.В. Турок |
|
| 210 |
_aМосква _cЭксмо _d2014 |
||
| 215 |
_a285 с. _cил. _d26 |
||
| 225 | 1 | _aЭффективная подготовка к ЕГЭ | |
| 225 | 1 |
_aЕГЭ _eнеделя за неделей |
|
| 300 | _aНа обл. авт. не указаны | ||
| 333 | _a6+ | ||
| 606 | 1 |
_aРусский язык _jУчебные издания _xЕдиный государственный экзамен _92282424 _3RU\NLR\AUTH\661367388 |
|
| 686 | 1 | _aШ141.12-925.3 | |
| 686 | 1 | _aШ141.12-922.1[9/11] | |
| 686 | 1 | _aЧ426.131(2)-285 | |
| 700 | 1 |
_aТкаченко _bЕ. М. _gЕлизавета Михайловна |
|
| 701 | 1 |
_aВоскресенская _bЕ. О. _gЕкатерина Олеговна |
|
| 701 | 1 |
_aТурок _bА.В. _gАлла Викторовна |
|
| 942 | _cBOOK | ||
| 980 | _aNBR | ||